Harmonizace politiky liberalizace vnitřního trhu služeb EU

Služby ako dynamicky sa rozvíjajúce odvetvie hospodárstva. Smernica Európskej únie o službách na vnútornom trhu. Predmet a oblasť pôsobenia smernice. Správne zjednodušenie a odstránenie administratívnej záťaže. Voľný pohyb služieb. Kvalita poskytovaných služieb. Spolupráca v oblasti správy služieb....

Description complète

Enregistré dans:
Détails bibliographiques
Auteur principal: Vrabková, Iveta
Format: Chapitre de livre
Langue:tchèque
Sujets:
Tags: Ajouter un tag
Pas de tags, Soyez le premier à ajouter un tag!

MARC

LEADER 00000naa$a2200000$$$4500
001 0091238
005 20221207084041.2
041 0 |a cze 
044 |a SK 
245 1 0 |a Harmonizace politiky liberalizace vnitřního trhu služeb EU  |c Iveta Vrabková 
520 |a Služby ako dynamicky sa rozvíjajúce odvetvie hospodárstva. Smernica Európskej únie o službách na vnútornom trhu. Predmet a oblasť pôsobenia smernice. Správne zjednodušenie a odstránenie administratívnej záťaže. Voľný pohyb služieb. Kvalita poskytovaných služieb. Spolupráca v oblasti správy služieb. Prínosy smernice pre poskytovateľov služieb. 
610 2 0 |a služby 
610 2 0 |a Európska únia 
610 2 0 |a spolupráca hospodárska medzinárodná 
610 2 0 |a harmonizácia 
610 2 0 |a liberalizácia 
610 2 0 |a administratíva 
610 2 0 |a trh vnútorný 
610 2 0 |a smernice 
100 1 |a Vrabková, Iveta